Improving productivity in health care / (Record no. 13459)

000 -LEADER
fixed length control field 00577pam a2200217 a 4500
020 ## - INTERNATIONAL STANDARD BOOK NUMBER
ISBN 0849369118
040 ## - CATALOGING SOURCE
Transcribing agency DLC
082 00 - DEWEY DECIMAL CLASSIFICATION NUMBER
Classification number 362 CRC 1988 A011 Or.
100 1# - MAIN ENTRY--AUTHOR NAME
Personal name Brown, J. H. U.
245 10 - TITLE STATEMENT
Title Improving productivity in health care /
260 ## - PUBLICATION, DISTRIBUTION, ETC. (IMPRINT)
Place of publication Boca Raton, Fla. :
Name of publisher CRC Press,
Year of publication c1988.
300 ## - PHYSICAL DESCRIPTION
Number of Pages 218 p. :
Other physical details ill. ;
Dimensions 27 cm.
500 ## - GENERAL NOTE
General note Includes index.
650 #0 - SUBJECT ADDED ENTRY--TOPICAL TERM
Topical Term Medical care
650 #0 - SUBJECT ADDED ENTRY--TOPICAL TERM
Topical Term Medical care
650 #2 - SUBJECT ADDED ENTRY--TOPICAL TERM
Topical Term Delivery of Health Care
650 #2 - SUBJECT ADDED ENTRY--TOPICAL TERM
Topical Term Delivery of Health Care
650 #2 - SUBJECT ADDED ENTRY--TOPICAL TERM
Topical Term Efficiency.
700 1# - ADDED ENTRY--PERSONAL NAME
Personal name Comola, Jacqueline.
942 ## - ADDED ENTRY ELEMENTS (KOHA)
Koha item type សៀវភៅភាសាអង់គ្លេស
952 ## - LOCATION AND ITEM INFORMATION (KOHA)
Withdrawn status [LOCAL, KOHA] 0
Holdings
Permanent Location Date acquired Koha item type Lost status Shelving location Barcode Current Location Full call number
Library Block A2017-08-26សៀវភៅភាសាអង់គ្លេស A011A19769Library Block A362 CRC 1988 A011 Or.
មជ្ឈមណ្ឌលឯការនៃសាកលវិទ្យាល័យភូមិន្ទកសិកម្មចំការដូង

Powered by Koha